1803 1326 1275 1586 1968 1464 1633 1190 1791 1026 1838 1453 1072 1376 1815 1618 1212 1772 1452 1666 1175 1968 1939 1568 1769 1449 1236 1986 1173 1813 1280 1606 1374 1981 1736 1246 1776 1721 1372 1443 1883 1747 1795 1426 1095 1957 1669 1868 1942 1870 1494 1589 1329 1984 1598 1843 1318 1598 1323 1080 1262 1794 1600 1975 1510 1218 1959 1273 1117 1990 1683 1195 1423 1113 1818 1165 1231 1011 1621 1373 1829 1134 1399 1075 1665 1232 1899 1349 1221 1068 1657 1118 1193 1720 1114 1945 1684 1731 1487 BCNSPRNW ULIB Ver.6.0+V

เปลี่ยนเป็นภาษาไทย

Change to English
 แสดงรายละเอียดบรรณานุกรม
  กลับหน้าหลัก

Brief Record : Get Marc (ISO 2709) : E-mail record : QR code < ปิดหน้าต่าง
LEADER : 00000nam 2200000uu 4500
001    13399123192
003     ULIB
008    140612s2550||||th 000 0 tha d
020    ^a9749993934
020    ^a9789749993934
040    ^abpr
050  4 ^aHN700.55^bส558ท
100 0  ^aสัญญา สัญญาวิวัฒน์
245 10 ^aทฤษฎีและกลยุทธ์การพัฒนาสังคม /^cสัญญา สัญญาวิวัฒน์
250    ^aพิมพ์ครั้งที่ 7
260    ^aกรุงเทพฯ :^bโรงพิมพ์แห่งจุฬาลงกรณ์มหาวิทยาลัย,^c2550
300    ^a192 หน้า ;^c21 ซม.
650  4 ^aการพัฒนาสังคม
651  7 ^aไทย^xภาวะสังคม
945    ^p105^l0^i14986
995    ^aทศพร
999    ^aทศพร เกษรทอง
รายการนี้ยังไม่มีแท็ก
คุณยังไม่ได้ล็อกอิน คุณสามารถมีกิจกรรมร่วมกับเว็บไซต์ได้ แต่ต้องล็อกอินก่อน ::
  ล็อกอิน

รายการสื่อสารสนเทศ

ลำดับที่ ประเภท เลขเรียก/บาร์โค้ด สถานที่ สถานะ
1. การศึกษาทั่วไป
การศึกษาทั่วไป
HN700.55 ส558ท ฉ.1 
  Barcode: 14986
ห้องสมุดวิทยาเขตนครสวรรค์
►หนังสือทั่วไป:l:General Books
บนชั้น

รายการใกล้เคียง
    ผู้แต่ง [สัญญา สัญญาวิวัฒน์]

    หัวเรื่อง [การพัฒนาสังคม]

BibComment


ยังไม่เคยถูกคอมเมนท์

คอมเมนท์ทรัพยากรรายการนี้
  คอมเมนท์: ทฤษฎีและกลยุทธ์ก..


 Copyright 2026. Bcnsprnw @Library